000 01530cam a2200385 i 4500
999 _c41178
_d41178
001 21180161
003 OSt
005 20210810103232.0
008 190831s2018 nyua b 001 0 eng
010 _a 2019301434
020 _a9780486806990
_q(paperback)
020 _a0486806995
_q(paperback)
040 _aDLC
_beng
_erda
_cDLC
042 _apcc
050 0 0 _aQA641
_b.B32 2018
082 _a516.36
_bCAR/D
100 1 _aCarmo, Manfredo Perdigão do
_eauthor.
_93911
245 1 0 _aDifferential geometry of curves & surfaces /
_cManfredo P. Do Carmo, Instituto Nacional de Matemática, Pura e Aplicada (IMPA), Rio de Janeiro, Brazil.
246 3 _aDifferential geometry of curves and surfaces
250 _aRevised & updated second edition.
264 1 _aMineola, New York :
_bDover Publications, INC.,
_c2018.
300 _axvi, 510 pages :
_billustrations ;
_c23 cm
336 _atext
_btxt
_2rdacontent
337 _aunmediated
_bn
_2rdamedia
338 _avolume
_bnc
_2rdacarrier
500 _aRevision of: Differential geometry of curves and surfaces / Thomas Banchoff, Stephen Lovett. 2016. Second edition.
504 _aIncludes bibliographical references (pages 475-477) and index.
650 0 _aGeometry, Differential.
650 0 _aCurves on surfaces.
650 0 _aCurves.
650 0 _aSurfaces.
906 _a7
_bcbc
_corigcop
_d2
_encip
_f20
_gy-gencatlg
942 _2ddc
_cBK
_e516.36
_hCAR/D
_i516.36
_kCAR/D